K řešení jednoho typu hromadného sdělování.

Informačné pole, vzťah informácie a komunikácie. Komunikačná rezistencia. Štruktúra a množstvo produktu v periodickej tlači. Stanovenie nákladu a odhad drobného predaja. Cena produktu v periodickej tlači. Vzťah ceny, predplatného a drobného predaja. Monopolná cena a cena hraničných nákladov. Infrašt...

Descripción completa

Guardado en:
Detalles Bibliográficos
Autor principal: Švagr, A.
Formato: Capítulo de libro
Lenguaje:checo
Materias:
Etiquetas: Agregar Etiqueta
Sin Etiquetas, Sea el primero en etiquetar este registro!

MARC

LEADER 00000naa a2200000 4500
001 r011275
005 20220831073246.3
041 0 |a cze 
044 |a [CS] 
245 1 0 |a K řešení jednoho typu hromadného sdělování.  |c A. Švagr 
520 |a Informačné pole, vzťah informácie a komunikácie. Komunikačná rezistencia. Štruktúra a množstvo produktu v periodickej tlači. Stanovenie nákladu a odhad drobného predaja. Cena produktu v periodickej tlači. Vzťah ceny, predplatného a drobného predaja. Monopolná cena a cena hraničných nákladov. Infraštruktúra periodickej tlače. 
610 2 0 |a informácie 
610 2 0 |a komunikácia 
610 2 0 |a prostriedky masovokomunikačné 
610 2 0 |a tlač 
610 2 0 |a predaj 
610 2 0 |a ceny 
610 2 0 |a infraštruktúra 
610 2 0 |a ceny monopolné 
610 2 0 |a teória úžitku hraničného 
610 2 0 |a noviny 
610 2 0 |a časopisy 
610 2 0 |a distribúcia 
100 1 |a Švagr, A.